| 000 | 00866cam a2200265 a 4500 | ||
|---|---|---|---|
| 001 | 000018053 | ||
| 003 | DO-SdBNP | ||
| 005 | 20250611111815.0 | ||
| 008 | 740328s1929 nyu 000 f eng d | ||
| 040 |
_aDO-SdBNP _bspa _cBNPHU _erda |
||
| 049 | _aBNGR | ||
| 082 |
_a863.6 _bB644u |
||
| 100 | 1 |
_aBlasco Ibáñez, Vicente, _d1867-1928 _915017 |
|
| 240 | 1 | 0 |
_aEn busca del Gran Khan. _lIngles |
| 245 | 1 | 0 |
_aUnknown lands : _bthe story of Columbus / _cVicente Blasco Ibáñez ; traducción del español Arthur Livingston. |
| 260 |
_aNew York : _bE. P. Dutton, _c1929. |
||
| 300 |
_a270 p. ; _c20 cm. |
||
| 650 | 4 |
_aNovela española _91123 |
|
| 650 | 4 |
_aLiteratura española _9632 |
|
| 650 | 4 |
_aNovela histórica _zEspaña _939138 |
|
| 700 | 1 |
_aLivingston, Arthur, _d1883- _etr. _939139 |
|
| 910 | _aCatalogación por copia / LC | ||
| 910 | _aWM | ||
| 942 |
_2ddc _cLBS1 |
||
| 999 |
_c17575 _d17575 |
||